Organizational Behaviour (Record no. 728)

MARC details
000 -LEADER
fixed length control field 00451nam a22001817a 4500
005 - DATE AND TIME OF LATEST TRANSACTION
control field 20180720115725.0
008 - FIXED-LENGTH DATA ELEMENTS--GENERAL INFORMATION
fixed length control field 160513b xxu||||| |||| 00| 0 eng d
020 ## - INTERNATIONAL STANDARD BOOK NUMBER
ISBN 978-007-129930-9
041 ## - LANGUAGE CODE
Language code of text/sound track or separate title eng
082 ## - DEWEY DECIMAL CLASSIFICATION NUMBER
Item number 1932
Classification number 658.3
100 ## - MAIN ENTRY--AUTHOR NAME
Personal name Luthans, Fred
245 ## - TITLE STATEMENT
Title Organizational Behaviour
250 ## - EDITION STATEMENT
Edition statement 11th ed.
260 ## - PUBLICATION, DISTRIBUTION, ETC. (IMPRINT)
Place of publication New Delhi
Name of publisher Mcgraw Hill International,
Year of publication 2001
300 ## - PHYSICAL DESCRIPTION
Number of Pages 561p,
650 ## - SUBJECT ADDED ENTRY--TOPICAL TERM
Topical Term Management
942 ## - ADDED ENTRY ELEMENTS (KOHA)
Koha item type Books
Holdings
Lost status Damaged status Collection code Home library Current library Shelving location Date acquired Full call number Accession Number Koha item type
    MANAGEMENT JRU Library JRU Library SHELF-65-E 13/05/2016 658.3 1932 Books
      JRU Library   SHELF-65-E 13/05/2016 658.3 1933 Books
      JRU Library   SHELF - 15 - J 13/05/2016 658.3 1934 Books
    MANAGEMENT JRU Library JRU Library Shelf - 27- B 13/05/2016 658.3 1935 Books
    MANAGEMENT JRU Library     13/05/2016 658.3 1936 Books
    MANAGEMENT JRU Library JRU Library SHELF-65-E 13/05/2016 658.3 1937 Books